000 00354nam a22001337a 4500
020 _a0198061129
082 _222
_a302.2244
100 _aRaman, Meenakshi and Sharma, Sangeeta.
245 _aProfessional communication /
250 _aNA
260 _aNew Delhi,
_bOxfort University,
_cc2009.
300 _aviii,430 p. ;
_bill. ;
_c24 cm.
942 _2ddc
_cGEN
999 _c1629
_d1629